LEADER 01058nam a2200277 i 4500 001 991003933019707536 005 20020506111140.0 008 941010s1988 us ||| | eng 020 $a0521389038 035 $ab10575741-39ule_inst 035 $aEXGIL129422$9ExL 040 $aDip.to Filol. Ling. e Lett.$bita 082 0 $a822.33 100 1 $aJackson, Russell$0165665 245 10$aPlayers of Shakespeare 2 :$bfurther essays in Shakespearean performance by players with the Royal Shakespeare Company /$cedited by Russell Jackson and Robert Smallwood 250 $a1. ed 260 $aCambridge :$bUniversity,$c1988 300 $aX, 203 p. ;$cill: ;$c23 cm. 650 4$aShakespeare, William 700 1 $aSmallwood, Robert 907 $a.b10575741$b14-04-08$c27-06-02 912 $a991003933019707536 945 $aLE008 FL.M. (IN) A 237/I$g1$i2008000298364$lle008$o-$pE0.00$q-$rl$s- $t0$u0$v0$w0$x0$y.i10659249$z27-06-02 996 $aPlayers of Shakespeare 2$9235064 997 $aUNISALENTO 998 $ale008$b01-01-94$cm$da $e-$feng$gus $h0$i1